000
00300nam a2200121Ia 4500
008
220204s9999 xx 000 0 und d
082
_a
954
_b
KUL
100
_a
Kuldip Nayar
245
0
_a
Distant neighbours: A tale of the subcontinent
250
_a
Ed.2
260
_a
Delhi
_b
Vikas
_c
1972
942
_c
BK
999
_c
25377
_d
25377